Physics for the inquiring mind : (Record no. 8563)
[ view plain ]
| 000 -LEADER | |
|---|---|
| fixed length control field | 00700nam a22002291 4500 |
| 001 - CONTROL NUMBER | |
| control field | 8563 |
| 003 - CONTROL NUMBER IDENTIFIER | |
| rucl marc code | BD-RjUL |
| 005 - DATE AND TIME OF LATEST TRANSACTION | |
| control field | 20211208234618.0 |
| 008 - FIXED-LENGTH DATA ELEMENTS--GENERAL INFORMATION | |
| fixed length control field | 140118r19661960njua 001 0 eng |
| 035 ## - SYSTEM CONTROL NUMBER | |
| System control number | (BD-RjUL)8608 |
| 040 ## - CATALOGING SOURCE | |
| Original cataloging agency | DLC |
| Transcribing agency | DLC |
| Modifying agency | DLC |
| -- | BD-RjUL |
| Language of cataloging | eng |
| 041 ## - LANGUAGE CODE | |
| Language code of text/sound track or separate title | eng |
| 082 00 - DEWEY DECIMAL CLASSIFICATION NUMBER | |
| Classification number | 530 |
| Author mark and year | ROP 1966 |
| 100 1# - MAIN ENTRY--PERSONAL NAME | |
| Personal name | Rogers, Eric M. |
| 9 (RLIN) | 26659 |
| 245 10 - TITLE STATEMENT | |
| Title | Physics for the inquiring mind : |
| Remainder of title | the methods, nature, and philosophy of physical science / |
| Statement of responsibility, etc. | Eric M. Rogers. |
| 260 ## - PUBLICATION, DISTRIBUTION, ETC. (IMPRINT) | |
| Place of publication, distribution, etc. | Princeton, N.J. : |
| Name of publisher, distributor, etc. | Princeton University Press, |
| Date of publication, distribution, etc. | c1960 [Reprint 1966]. |
| 300 ## - PHYSICAL DESCRIPTION | |
| Pagination | 778 p. : |
| Illustrations | ill. ; |
| Size | 29 cm. |
| 504 ## - BIBLIOGRAPHY, ETC. NOTE | |
| Bibliography, etc | Includes Index. |
| 650 #0 - SUBJECT ADDED ENTRY--TOPICAL TERM | |
| Topical term or geographic name as entry element | Physics. |
| 9 (RLIN) | 26660 |
| 942 ## - ADDED ENTRY ELEMENTS (KOHA) | |
| Source of classification or shelving scheme | Dewey Decimal Classification |
| Koha item type | Books |
| Lost status | Source of classification or shelving scheme | Damaged status | Not for loan | Collection code | Permanent Location | Current Location | Shelving location | Date acquired | Source of acquisition | Cost, normal purchase price | Total Checkouts | Full call number | Date last seen | Copy number | Koha item type |
|---|---|---|---|---|---|---|---|---|---|---|---|---|---|---|---|
| Dewey Decimal Classification | Non-fiction | Central Library, University of Rajshahi | Central Library, University of Rajshahi | 12/09/1970 | Zeitlinger | 118.60 | 530 ROP 1966 | 18/01/2014 | C-2 | Books | |||||
| Dewey Decimal Classification | Non-fiction | Central Library, University of Rajshahi | Central Library, University of Rajshahi | 10/02/1970 | Zeetlinger | 118.60 | 530 ROP 1966 | 07/09/2016 | C-3 | Books |